000 01797cam a22004454i 4500
003 PE-LiUPU
005 20250731175645.0
008 150616s r 000 0 d
035 _a(Sirsi) a8665
040 _aPE-LiUPU
_bspa
_cPE-LiUPU
_erda
049 _aPRUA
082 0 4 _a487.415
_bM86
_221
100 1 _aMueller, Walter,
_eautor.
245 1 0 _aGrammatical aids for students of New Testament greek.
264 1 _aTennessee :
_bW. B. Eerdmnas Publishing Co.,
_c1995.
300 _a86 páginas ;
_c23 cm.
336 _atext
_2rdacontent
337 _aunmediated
_2rdamedia
338 _avolume
_2rdacarrier
500 _aOtra ed.: 1979.
504 _aIncluye bibliografía.
505 0 _aAccent.- Nouns.- Verbs.- Pronouns.- Adjetives.- Adverbs.- Participles.- Infinitives.
526 _aP145
526 _aP127
526 _aP97
526 _aP35
526 _aP14
526 _aP07
650 0 4 _aGRIEGO BIBLICO - GRAMATICA.
910 _ajck
_bjvq
_cjck
942 _2ddc
_cBOOK
949 _a487.415 M86
_wDEWEY
_c1
_i42203
_lCCODEBUL1
_mBUL
_p00.00
_r0
_sY
_tBOOK
_u2015-04-23
_xBIBLIOTECA
_zUNKNOWN
_0COMPRA
_o.STAFF. Colección General
949 _a487.415 M86
_wDEWEY
_c2
_i50801
_lCCODEBUL1
_mBUL
_p00.00
_r0
_sY
_tBOOK
_u19970121
_xTEOLOGIA
_zUNKNOWN
_0COMPRA
_o.STAFF. Colección General
994 _aC0
_bPEPRU
596 _a1
999 _a487.415 M86
_wDEWEY
_c60034
_i42203
_d60034
_f2021-11-12
_g5
_lCCODEBUL1
_mBUL
_q1
_r0
_sY
_tBOOK
_u2015-4-23
_xTEOLOGIA
_zUNKNOWN
_0COMPRA
_o.STAFF. Colección General
999 _a487.415 M86
_wDEWEY
_c2
_i50801
_f2021-11-12
_g6
_lCCODEBUL1
_mBUL
_r0
_sY
_tBOOK
_u2015-6-16
_xTEOLOGIA
_zUNKNOWN
_0COMPRA
_o.STAFF. Colección General
980 _81
_gALBERTO SANCHEZ Responsable de Automatización